Welcome to CU Library Online Public Access Catalogue (OPAC)

Measuring the Impact of Training: (Record no. 2698)

MARC details
000 -LEADER
fixed length control field 00534nam a22001697a 4500
005 - DATE AND TIME OF LATEST TRANSACTION
control field 20250120092259.0
008 - FIXED-LENGTH DATA ELEMENTS--GENERAL INFORMATION
fixed length control field 250120b |||||||| |||| 00| 0 eng d
020 ## - INTERNATIONAL STANDARD BOOK NUMBER
International Standard Book Number 9780749416805
050 ## - LIBRARY OF CONGRESS CALL NUMBER
Classification number HF5549
Item number .W31 WAD
100 ## - MAIN ENTRY--PERSONAL NAME
Personal name Wade Pamela A.
245 ## - TITLE STATEMENT
Title Measuring the Impact of Training:
Remainder of title The practical guide to calculating measurable results/
Statement of responsibility, etc. Pamela A. Wade
250 ## - EDITION STATEMENT
Edition statement 1st Ed.
260 ## - PUBLICATION, DISTRIBUTION, ETC.
Place of publication, distribution, etc. London
Name of publisher, distributor, etc. Kogan Page Ltd.
Date of publication, distribution, etc. 1995
300 ## - PHYSICAL DESCRIPTION
Extent vii. 105p.
Other physical details ill.
Dimensions 25 cm x 17.5 cm
650 ## - SUBJECT ADDED ENTRY--TOPICAL TERM
Source of heading or term Training
942 ## - ADDED ENTRY ELEMENTS (KOHA)
Source of classification or shelving scheme Library of Congress Classification
Koha item type Books
Edition 1st Ed.
Suppress in OPAC No
999 ## -
-- 2698
-- 2698
Holdings
Withdrawn status Lost status Source of classification or shelving scheme Damaged status Not for loan Collection Home library Current library Shelving location Date acquired Total checkouts Full call number Barcode Date last seen Copy number Price effective from Koha item type
    Library of Congress Classification     Non-fiction Business Library (Miotso) Business Library (Miotso) General stacks 01/20/2025   HF5549 .W31 WAD BSSM00000466 01/20/2025 1 01/20/2025 Books
© 2023-2024 Copyright: Central University Libraries. All Rights Reserved | Created by: Mahone Tech Office